Tramwaje Warszawa- Linia 9 (przystanki) - Statystyki

Ogólne statystyki
  • Ten quiz został rozwiązany 348 razy
  • Średni wynik to 24 z 35
Statystyki odpowiedzi
Numer przystanku Nazwa przystanku % Poprawnych
17. Centrum
90%
18. Dworzec Centralny
86%
1. Gocławek
85%
2. Gocławek
85%
14. Most Poniatowskiego
82%
20. Plac Zawiszy
82%
16. Krucza
81%
8. Wiatraczna
81%
35. P+R Aleja Krakowska
79%
15. Muzeum Narodowe
78%
19. Plac Starynkiewicza
78%
13. Rondo Waszyngtona
78%
24. Och-Teatr
75%
22. Plac Narutowicza
75%
21. Ochota-ratusz
73%
23. Wawelska
70%
25. Bitwy Warszawskiej 1920r.
67%
26. Hale Banacha
65%
27. Dickensa
64%
31. Hynka
64%
11. Park Skaryszewski
63%
5. Plac Szembeka
62%
29. PKP Rakowiec
61%
30. Włochy-ratusz
61%
34. Instytut Lotnictwa
59%
10. Kinowa
58%
28. Korotyńskiego
55%
6. Wspólna Droga
55%
9. Grenadierów
51%
32. Krakowiaków
51%
3. Kwatery Głównej
51%
12. Berezyńska
50%
7. Czapelska
47%
33. Lipowczana
46%
4. Żółkiewskiego
46%
Nie znaleziono quizów pasujących do podanych kryteriów
Rozkład punktacji
Procent ludzi z każdym wynikiem
Percentyl według liczby udzielonych odpowiedzi
Twoja historia wyników
Nie rozwiązałeś tego quizu